00677nam a2200205Ia 4500952015000000999001500150003000400165005001700169008004100186020001500227040000900242082001800251100002200269245003600291250001200327260005700339300000900396650002400405942004200429 00102ddc40708CHEMISTRYaMESbMEScCHEd2019-02-20g235.00l9m6o541.28 PRA/Qp28185r2022-01-13 00:00:00s2021-12-13w2019-02-20yBKzGL26R3 c3156d3156OSt20200819102136.0190216s9999||||xx |||||||||||||| ||und|| a8122412645 coclc a541.28bPRA/Q aPrasad, R K94207 0aQuantum Chemistry /cR K Prasad a2nd Ed. bNew Age International Publishers,c2004.aNew Delhi: a572p aChemistry-Chemistry cBK2ddch541.28iPRA/Qk541.28mPRA/Q